Score 0/22 Timer 05:00
0 Plays Today
# Prisoners Country % Correct
2,217,000United States of America
100%
1,657,812China
98.6%
642,470Russian Federation
95.8%
418,536India
95.4%
85,843United Kingdom
95.1%
255,138Mexico
94.7%
607,731Brazil
94.4%
225,164Iran
89.8%
161,692Indonesia
83.9%
80,169Pakistan
83.2%
172,562Turkey
82.1%
# Prisoners Country % Correct
121,389Colombia
82.1%
159,241South Africa
81.8%
311,036Thailand
79.3%
71,046Ukraine
75.1%
142,636Vietnam
74%
69,719Bangladesh
70.2%
120,076Philippines
69.8%
75,379Peru
67.4%
72,609Poland
63.2%
111,080Ethiopia
51.2%
76,000Morocco
44.6%
Remove Ads.
Support Sporcle.
Get the best of Sporcle when you Go Orange. This ad-free experience offers more features, more stats, and more fun while also helping to support Sporcle. Thank you for becoming a member.

You're not logged in!

Compare scores with friends on all Sporcle quizzes.
OR
Log In

Show Comments

Extras

Top Quizzes Today


Score Distribution

Your Account Isn't Verified!

In order to create a playlist on Sporcle, you need to verify the email address you used during registration. Go to your Sporcle Settings to finish the process.

Report this User

Report this user for behavior that violates our Community Guidelines.

Details: